| 000 | 00679nam a2200217 i 4500 | ||
|---|---|---|---|
| 001 | 80368 | ||
| 003 | ES-MaACL | ||
| 005 | 20230906174212.0 | ||
| 007 | t| | ||
| 008 | 041027s1961 sp ||||1| spa d | ||
| 100 | 1 |
_aHigdon, Archie. _963632 |
|
| 245 | 1 | 0 |
_aMecánica técnica / _cArchie Higdon y William B. Stiles ; versión española de Albino Yusta Almarza. |
| 260 |
_aMadrid : _bAguilar, _c1961. |
||
| 300 |
_aXVI, 679 p. : _bil. ; _c22 cm. |
||
| 490 | 1 | _aCiencias y técnica | |
| 700 | 1 |
_aStiles, William B. _9108223 |
|
| 700 | 1 |
_aYusta Almarza, Albino. _9117753 |
|
| 830 | 0 |
_aCiencias y técnica _9183618 |
|
| 852 |
_aES-MaACL _jF-6302 _bR.49278 |
||
| 999 |
_c80368 _d80368 |
||